000 00341nam a2200145Ia 4500
008 230718s9999 xx 000 0 und d
041 _aEng.
082 _a346.0107
_bSAI-L
100 _aSait, Sixaj
245 0 _aland, law aid Islam
260 _aPakistan
_bZed Book London New york
_c2006
300 _a241
650 _aLaw
999 _c31890
_d31890